000 00670nam a2200217 a 4500
001 13518
003 BD-JhCC
005 20231207133517.0
008 180809s2021 bg a|||| |||| 000 0 eng d
020 _a9789843506559
035 _a(BD-JhCC)13518
040 _aBD-JhCC
_dBD-JhCC
041 _aBangali, English
082 _a355
_bSHA 2022
100 _aশাহিন,মো: কামরুল হাসান
245 _a হেলমেট /
_cমো: কামরুল হাসান শাহিন.
260 _aDhaka :
_bডিফেন্স কেয়ার,
_c2022.
300 _a574 p. :
_bill. ;
_c27 cm.
650 _aISSB
942 _2ddc
_cBK
_02
999 _c13518
_d13518